Quantity cookery and catering management : (Record no. 88737)
[ view plain ]
| 000 -LEADER | |
|---|---|
| fixed length control field | 00715nam a22002057a 4500 |
| 003 - CONTROL NUMBER IDENTIFIER | |
| control field | URS |
| 005 - DATE AND TIME OF LATEST TRANSACTION | |
| control field | 20251120104831.0 |
| 008 - FIXED-LENGTH DATA ELEMENTS--GENERAL INFORMATION | |
| fixed length control field | 251120b |||||||| |||| 00| 0 eng d |
| 020 ## - INTERNATIONAL STANDARD BOOK NUMBER | |
| International Standard Book Number | 9786214091843 |
| 040 ## - CATALOGING SOURCE | |
| Original cataloging agency | URS |
| Transcribing agency | URS |
| 050 ## - LIBRARY OF CONGRESS CALL NUMBER | |
| Classification number | TX 820 |
| Item number | .P882 2023 |
| 100 ## - MAIN ENTRY--PERSONAL NAME | |
| Relator code | Author |
| Personal name | Prades, Corazon Barateta |
| 245 ## - TITLE STATEMENT | |
| Title | Quantity cookery and catering management : |
| Remainder of title | a guide to students, leading to commercial cooking NC III / |
| Statement of responsibility, etc. | Corazon Barateta-Prades, MAED H.E. |
| 264 ## - PRODUCTION, PUBLICATION, DISTRIBUTION, MANUFACTURE, AND COPYRIGHT NOTICE | |
| Place of production, publication, distribution, manufacture | Mandaluyong City : |
| Name of producer, publisher, distributor, manufacturer | Books Atbp. Publishing Corp., |
| Date of production, publication, distribution, manufacture, or copyright notice | 2023. |
| 300 ## - PHYSICAL DESCRIPTION | |
| Extent | xvi, 190 pages : |
| Other physical details | illustrations : |
| Dimensions | 26 cm. |
| 504 ## - BIBLIOGRAPHY, ETC. NOTE | |
| Bibliography, etc. note | Includes Bibliographical References. |
| 650 ## - SUBJECT ADDED ENTRY--TOPICAL TERM | |
| Topical term or geographic name entry element | Caterers and catering |
| 650 ## - SUBJECT ADDED ENTRY--TOPICAL TERM | |
| Topical term or geographic name entry element | Menus |
| 942 ## - ADDED ENTRY ELEMENTS (KOHA) | |
| Source of classification or shelving scheme | Library of Congress Classification |
| Koha item type | Filipiniana |
| Withdrawn status | Source of classification or shelving scheme | Damaged status | Not for loan | Collection code | Home library | Current library | Shelving location | Date acquired | Source of acquisition | Total Checkouts | Full call number | Barcode | Date last seen | Copy number | Price effective from | Koha item type |
|---|---|---|---|---|---|---|---|---|---|---|---|---|---|---|---|---|
| Library of Congress Classification | Non-fiction | Antipolo College Library | Antipolo College Library | Filipiniana Section | 11/20/2025 | Purchased | TX 820 .P882 2023 | URSANT-06055 | 11/20/2025 | 1 | 11/20/2025 | Filipiniana | ||||
| Library of Congress Classification | Non-fiction | Antipolo College Library | Antipolo College Library | Filipiniana Section | 11/20/2025 | Purchased | TX 820 .P882 2023 | URSANT-06056 | 11/20/2025 | 2 | 11/20/2025 | Filipiniana | ||||
| Library of Congress Classification | Non-fiction | Antipolo College Library | Antipolo College Library | Filipiniana Section | 11/20/2025 | Purchased | TX 820 .P882 2023 | URSANT-06057 | 11/20/2025 | 3 | 11/20/2025 | Filipiniana |